[Event "IECC CL5-2001.22"]
[Site "IECC email"]
[Date "2001.07.11"]
[Round "?"]
[White "Williams, Jonathan"]
[Black "Harrell, Bruce B"]
[Result "0-1"]
[WhiteElo "1543"]
[BlackElo "1433"]
[PlyCount "72"]
[EventDate "2001.??.??"]
[EventType "tourn (corr)"]
[EventRounds "4"]
[SourceTitle "Corr 2008"]
[Source "ChessBase"]
[SourceDate "2008.06.24"]
[SourceVersion "1"]
[SourceVersionDate "2008.06.24"]
[SourceQuality "1"]

1. e4 e5 2. Nf3 Nf6 3. Nxe5 d6 4. Nf3 Nxe4 5. d3 Nf6 6. Bg5 d5 7. Qe2+ Be6 8. Nbd2 Bd6 9. Nd4 Qe7 10. Nxe6 fxe6 11. g3 0-0 12. Bh3 e5 13. 0-0-0 Nc6 14. Nb3 a5 15. Rhe1 a4 16. Nd2 Qf7 17. f4 Nd4 18. Qf2 Bc5 19. Qg2 e4 20. c3 Rfe8 21. Bxf6 Qxf6 22. cxd4 Bxd4 23. Nb1 e3 24. Qxd5+ Kh8 25. Re2 Ra6 26. Na3 Rd8 27. Qe4 Qc6+ 28. Rc2 Bxb2+ 29. Kxb2 Qxe4 30. dxe4 Rxd1 31. Re2 Rc6 32. Nc2 Rd2 33. Rxd2 exd2 34. Ne3 Rc1 35. Bg4 c5 36. Be2 Re1 0-1

[Event "IECC Swiss email"]
[Site "IECC email"]
[Date "2000.08.06"]
[Round "?"]
[White "Goze, Tolga"]
[Black "Williams, Jonathan"]
[Result "1-0"]
[WhiteElo "1224"]
[BlackElo "1632"]
[PlyCount "21"]
[EventDate "2000.??.??"]
[EventType "tourn (corr)"]
[EventRounds "6"]
[SourceTitle "Corr 2008"]
[Source "ChessBase"]
[SourceDate "2008.06.24"]
[SourceVersion "1"]
[SourceVersionDate "2008.06.24"]
[SourceQuality "1"]

1. e4 e6 2. d4 d5 3. Nc3 Nf6 4. Bg5 Be7 5. e5 Nfd7 6. Bxe7 Qxe7 7. Nf3 a6 8. Bd3 Qb4 9. a3 Qxb2 10. Na4 Qxd4 11. Nxd4 1-0

[Event "IECC Y2KO email"]
[Site "IECC email"]
[Date "1999.10.14"]
[Round "?"]
[White "Renze, John"]
[Black "Williams, Jonathan"]
[Result "1/2-1/2"]
[WhiteElo "943"]
[BlackElo "1653"]
[PlyCount "57"]
[EventDate "1999.??.??"]
[EventType "tourn (corr)"]
[EventRounds "2"]
[SourceTitle "Corr 2008"]
[Source "ChessBase"]
[SourceDate "2008.06.24"]
[SourceVersion "1"]
[SourceVersionDate "2008.06.24"]
[SourceQuality "1"]

1. e4 c5 2. Nf3 Nc6 3. d4 cxd4 4. Nxd4 Nf6 5. Nc3 d6 6. Bg5 Qb6 7. Nb3 Ng4 8. Qd2 h6 9. Nd5 Qxf2+ 10. Qxf2 Nxf2 11. Kxf2 hxg5 12. Nc7+ Kd8 13. Nxa8 b6 14. Nxb6 axb6 15. c3 e5 16. Bc4 Ke7 17. Rhf1 Rh4 18. Kg1 f5 19. Rxf5 Bxf5 20. Rf1 Be6 21. Bd3 Rf4 22. Rd1 g6 23. Bb5 Nd8 24. Re1 Nb7 25. g3 Rf6 26. Bd3 Nc5 27. Nxc5 bxc5 28. b3 Rf7 29. c4 1/2-1/2

[Event "IECC Y2KO email"]
[Site "IECC email"]
[Date "1999.10.14"]
[Round "?"]
[White "Williams, Jonathan"]
[Black "Renze, John"]
[Result "1-0"]
[WhiteElo "1653"]
[BlackElo "943"]
[PlyCount "39"]
[EventDate "1999.??.??"]
[EventType "tourn (corr)"]
[EventRounds "2"]
[SourceTitle "Corr 2008"]
[Source "ChessBase"]
[SourceDate "2008.06.24"]
[SourceVersion "1"]
[SourceVersionDate "2008.06.24"]
[SourceQuality "1"]

1. e4 e5 2. Nf3 f5 3. Nxe5 Qf6 4. Nc4 fxe4 5. Nc3 Qg6 6. d3 Bb4 7. Bd2 Bxc3 8. Bxc3 Nf6 9. Bxf6 gxf6 10. dxe4 Qxe4+ 11. Qe2 Qxe2+ 12. Bxe2 Rg8 13. 0-0 d5 14. Ne3 c6 15. Rfe1 Be6 16. Bg4 Bf7 17. Nxd5+ Kd8 18. Nxf6 Rg6 19. Rad1+ Kc7 20. Re7+ 1-0